LEADER 01412nas 2200445 a 450 001 996210889703316 005 20230627152432.0 011 $a2053-7905 035 $a(OCoLC)50049423 035 $a(CKB)954928534075 035 $a(CONSER) 2009250544 035 $a(EXLCZ)99954928534075 100 $a20020624b19801990 uy 101 0 $aeng 135 $aurun|||||| 200 10$aIEE proceedings$hA$iPhysical Science, Measurement and Instrumentation, Management and Education 210 $a[Stevenage, Eng.] $cInstitution of Electrical Engineers$d1988-1990 300 $aRefereed/Peer-reviewed 311 $a0143-702X 606 $aElectrical engineering$vPeriodicals 606 $aElectronics$vPeriodicals 606 $aE?lectrotechnique 606 $aE?lectronique$2rasuqam 606 $aE?lectrotechnique$2rasuqam 606 $aElectrical engineering$2fast$3(OCoLC)fst01728596 606 $aElectronics$2fast$3(OCoLC)fst00907538 608 $aPeriodicals.$2fast 615 0$aElectrical engineering 615 0$aElectronics 615 6$aE?lectrotechnique. 615 7$aE?lectronique. 615 7$aE?lectrotechnique. 615 7$aElectrical engineering. 615 7$aElectronics. 676 $a621.3/05 712 02$aInstitution of Electrical Engineers. 906 $aJOURNAL 912 $a996210889703316 996 $aIEE proceedings$9972145 997 $aUNISA LEADER 01691oam 2200421Ia 450 001 9910696354803321 005 20080116165313.0 035 $a(CKB)5470000002377283 035 $a(OCoLC)67291858 035 $a(EXLCZ)995470000002377283 100 $a20060421d2005 ua 0 101 0 $aeng 135 $aurmn||||||||| 181 $ctxt$2rdacontent 182 $cc$2rdamedia 183 $acr$2rdacarrier 200 10$aBacteriological and water-quality data collected at coastal Mississippi sites following Hurricane Katrina, September-October 2005$b[electronic resource] /$fby Richard A. Rebich and Richard H. Coupe 210 1$aReston, Va. :$cU.S. Geological Survey,$d2005. 215 $a56 unnumbered pages $cdigital, PDF file 225 1 $aData series ;$v174 300 $aTitle from PDF title screen (viewed on Apr. 20, 2006). 320 $aIncludes bibliographic references (page [17]). 606 $aHurricane Katrina, 2005$xEnvironmental aspects$zMississippi$zGulf Coast 606 $aWater$xPollution$zMississippi$zGulf Coast 606 $aBacterial pollution of water$zMississippi$zGulf Coast 615 0$aHurricane Katrina, 2005$xEnvironmental aspects 615 0$aWater$xPollution 615 0$aBacterial pollution of water 700 $aRebich$b Richard A$01388432 701 $aCoupe$b Richard H$g(Richard Henry),$f1954-$01395793 712 02$aGeological Survey (U.S.) 801 0$bGIS 801 1$bGIS 801 2$bGPO 906 $aBOOK 912 $a9910696354803321 996 $aBacteriological and water-quality data collected at coastal Mississippi sites following Hurricane Katrina, September-October 2005$93484063 997 $aUNINA